000 00827nam a22002297a 4500
005 2012082807327.0
008 120828t xxu||||| |||| 00| 0 eng d
010 _aENG-105660
020 _a9788120346284
_c475.00
035 _aEN-89193
037 _bDBAD / PUB
040 _aDPL
_bEN
082 _a005.14
100 _aKelkar, S.A.
_951623
245 _aSoftware quality and testing :
_ba concise study /
_cby S.A. Kelkar
260 _aNew Delhi
_bPHI Learning
_c2012
270 _aM-97, Connaught Circus
_bNew Delhi
_e110001
300 _ax,606p. :
_c24cm (pbk)
_bill.
500 _aIncludes bibliographical references
942 _2ddc
_cEN
_h005.14
_mKEL
999 _c69405
_d69405